Rice cropping systems in baray district, kampong thom province ប្រព័ន្ធដាំដុះដំណាំស្រូវ នៅស្រុកបារាយណ៍ខេត្តកំពង់ធំ (Record no. 1340)

000 -LEADER
fixed length control field 00569nam a22001337a 4500
040 ## - CATALOGING SOURCE
Transcribing agency RUA
082 ## - DEWEY DECIMAL CLASSIFICATION NUMBER
Classification number AGR THO 2011 B050 Or.1
100 ## - MAIN ENTRY--AUTHOR NAME
Personal name THO, SREYLEAK
245 ## - TITLE STATEMENT
Title Rice cropping systems in baray district, kampong thom province ប្រព័ន្ធដាំដុះដំណាំស្រូវ នៅស្រុកបារាយណ៍ខេត្តកំពង់ធំ
260 ## - PUBLICATION, DISTRIBUTION, ETC. (IMPRINT)
Place of publication Phnom Penh
Name of publisher RUA
Year of publication 2011
300 ## - PHYSICAL DESCRIPTION
Number of Pages xii, 56p.
Other physical details ill.
Dimensions 29cm.
856 ## - ELECTRONIC LOCATION AND ACCESS
Uniform Resource Identifier https://drive.google.com/file/d/1HZhKG4zixmyR99gsCsqVe4NZK8GLpJEX/view?usp=sharing
942 ## - ADDED ENTRY ELEMENTS (KOHA)
Koha item type AGR
952 ## - LOCATION AND ITEM INFORMATION (KOHA)
Withdrawn status [LOCAL, KOHA] 0
952 ## - LOCATION AND ITEM INFORMATION (KOHA)
Withdrawn status [LOCAL, KOHA] 0
952 ## - LOCATION AND ITEM INFORMATION (KOHA)
Withdrawn status [LOCAL, KOHA] 0
952 ## - LOCATION AND ITEM INFORMATION (KOHA)
Withdrawn status [LOCAL, KOHA] 0
Holdings
Permanent Location Date acquired Koha item type Lost status Shelving location Barcode Current Location Full call number
Library Block B2015-09-27AGR B050RUA006555Library Block BAGR THO 2011 B050 Or.1
Library Block B2015-09-27AGR B050RUA006039Library Block BAGR THO 2011 B050 Or.2
Library Block B2015-09-27AGR B050RUA019000Library Block BAGR THO 2011 B050 Or.3
Library Block B2017-12-15AGR B050A29297Library Block BAGR THO 2011 B050 Or.4
មជ្ឈមណ្ឌលឯការនៃសាកលវិទ្យាល័យភូមិន្ទកសិកម្មចំការដូង

Powered by Koha